| 000 | 00495nam a22001577a 4500 | ||
|---|---|---|---|
| 999 |
_c7774 _d7772 |
||
| 005 | 20210325122018.0 | ||
| 008 | 210325b ||||| |||| 00| 0 eng d | ||
| 082 | _a345.408 23 | ||
| 100 |
_aMANOHAR AND CHITALEY _96503 |
||
| 245 | _aTHE AIR MANUAL CIVIL AND CRIMINAL PREVENTION OF CRUELTY TO ANIMALS ACT, [1960] TO REGISTRATION ACT[1908] SECTION-50, VOL-40 | ||
| 250 | _a6TH, ED. | ||
| 260 |
_aNAGPUR _bTHE ALL INDIA REPORTER PVT.LTD. |
||
| 300 | _a1988,p | ||
| 650 |
_aLAW _95701 |
||
| 942 | _cJRL | ||